The United Nations at forty : (Record no. 128984)

MARC details
000 -CABECERA
campo de control de longitud fija 00557nam a2200193 a 4500
005 - FECHA Y HORA DE LA ÚLTIMA TRANSACCIÓN
campo de control 20210219160022.0
008 - ELEMENTOS DE LONGITUD FIJA--INFORMACIÓN GENERAL
campo de control de longitud fija 080613s1985 mx r 000 0 spa d
020 ## - NÚMERO INTERNACIONAL NORMALIZADO PARA LIBROS
Número Internacional Estándar del Libro 9211002850
035 ## - NÚMERO DE CONTROL DEL SISTEMA
Número de control de sistema UPN01000156870
049 ## - COLECCIÓN
Colección UNE
080 ## - NÚMERO DE CLASIFICACIÓN DECIMAL UNIVERSAL
Número de la Clasificación Decimal Universal 341.123 =20 UNI.
245 04 - MENCIÓN DE TÍTULO
Título The United Nations at forty :
Resto del título a foundation to build on.
260 ## - PUBLICACIÓN, DISTRIBUCIÓN, ETC.
Lugar de publicación, distribución, etc. New York :
Nombre del editor, distribuidor, etc. ONU,
Fecha de publicación, distribución, etc. 1985,
300 ## - DESCRIPCIÓN FÍSICA
Extensión 202 p. :
Otras características físicas retrs.
690 ## - PUNTO DE ACCESO ADICIONAL DE MATERIA LOCAL--TÉRMINO DE MATERIA (OCLC, RLIN)
Término de materia o nombre geográfico como elemento inicial ONU - Organizaciones internacionales
690 ## - PUNTO DE ACCESO ADICIONAL DE MATERIA LOCAL--TÉRMINO DE MATERIA (OCLC, RLIN)
Término de materia o nombre geográfico como elemento inicial Organizaciones internacionales - ONU
710 2# - ASIENTO SECUNDARIO - NOMBRE CORPORATIVO
Nombre de entidad corporativa o nombre de jurisdicción como elemento de entrada Naciones Unidas
905 ## - TIPO DE MATERIAL
Tipo de material UNESCO

No items available.